Vincitori Internazionali d'Italia - Singolare maschile - Statistics

Statistiche generali
  • Questo quiz è stato fatto 21 volte
  • Il punteggio medio è 23 su 34
Statistiche sulle risposte
Edizione Nazione Tennista vincitore % Corretto
2008 Serbia Novak Djokovic
100%
2011 Serbia Novak Djokovic
100%
2014 Serbia Novak Djokovic
100%
2015 Serbia Novak Djokovic
100%
2020 Serbia Novak Djokovic
100%
2022 Serbua Novak Djokovic
100%
2005 Spagna Rafael Nadal
100%
2006 Spagna Rafael Nadal
100%
2007 Spagna Rafael Nadal
100%
2009 Spagna Rafael Nadal
100%
2010 Spagna Rafael Nadal
100%
2012 Spagna Rafael Nadal
100%
2013 Spagna Rafael Nadal
100%
2018 Spagna Rafael Nadal
100%
2019 Spagna Rafael Nadal
100%
2021 Spagna Rafael Nadal
100%
2016 Regno Unito Andy Murray
95%
2017 Germania Alexander Zverev
85%
2023 Russia Daniil Medvedev
85%
2002 Stati Uniti Andre Agassi
80%
1994 Stati Uniti Pete Sampras
80%
2001 Spagna Juan Carlos Ferrero
65%
1999 Brasile Gustavo Kuerten
45%
2004 Spagna Carlos Moyà
40%
1990 Austria Thomas Muster
30%
1995 Austria Thomas Muster
30%
1996 Austria Thomas Muster
30%
1992 Stati Uniti Jim Courier
25%
1993 Stati Uniti Jim Courier
25%
1998 Cile Marcelo Ríos
20%
1997 Spagna Àlex Corretja
5%
1991 Spagna Emilio Sánchez
0%
2003 Spagna Félix Mantilla
0%
2000 Svezia Magnus Norman
0%
Nessun quiz corrispondente trovato
Distribuzione punteggi
Percentuale di utenti per punteggio
Percentile per numero di risposta
I tuoi punteggi nel tempo
Non hai fatto questo quiz